Kỹ thuật mạng riêng ảo (VPN).

Na minha lista:
Detalhes bibliográficos
Autor principal: Trần Công Hùng biên soạn
Formato: Livro
Idioma:Vietnamese
Publicado em: Bưu điện, 2002.
Assuntos:
Tags: Adicionar Tag
Sem tags, seja o primeiro a adicionar uma tag!
Thư viện lưu trữ: Mạng thư viện Đại học Đà Nẵng
LEADER 00990nam a2200313 a 4500
001 000002069
003 02091
005 20220608151925.0
008 171229s2002 vie
040 |a LSK 
041 0 |a VIE 
082 0 |a 004.6  |b Ky-T 
100 1 |a Trần Công Hùng biên soạn 
245 0 0 |a Kỹ thuật mạng riêng ảo (VPN). 
260 |b Bưu điện,  |c 2002. 
300 |a 256 pages ;  |c 27 cm. 
653 |a Mạng viễn thông - VPN 
852 |a Phòng Đọc - Phòng Mượn 
901 |a 18 
927 |a Sách tham khảo 
OWN |a LSK 
AVA |a UDN50  |b LSK  |d 004.6 Ky-T  |e check_holdings  |t Error 5003 Not defined in file expand_doc_bib_avail.  |h N  |k 1 
999 |a From the UDN01 
AVA |a UDN50  |b LSK  |d 004.6 Ky-T  |e available  |t Error 5001 Not defined in file expand_doc_bib_avail.  |f 18  |g 0  |h N  |i 0  |k 1 
TYP |a Monograph 
TYP |a Printed language 
980 |a Mạng thư viện Đại học Đà Nẵng